Carregando...
LEADER 00722nam a22002177a 4500
003 OSt
020 |a 9789350301715 
082 |a 631.304  |b PAR/FA 
100 |a Parmeshwar Singh  
245 |a Farm machinery 
260 |a Jaipur   |b Oxford book company  |c 2014 
300 |a 296p. 
546 |a English  
650 |a Agricultural machinery 
650 |a Farm tractor design, power and transmission 
650 |a Pipe and cable laying plough 
650 |a Harvesters  
650 |a Modern development in machinery 
942 |2 ddc  |c BK 
999 |c 156219  |d 156219 
952 |0 0  |1 0  |2 ddc  |4 0  |6 631_304000000000000_PARFA  |7 0  |9 155285  |a KAUCLV  |b KAUCLV  |c GENERAL  |d 2017-07-10  |g 2195.00  |l 3  |o 631.304 PAR/FA  |p 226389  |r 2019-11-29  |s 2019-11-29  |w 2017-07-10  |y BK